000 01290cam a2200301Ia 4500
001 cantonchina00wils
003 CaSfIA
005 20210117222552.0
007 cr||||
008 830414s1977 ctua 000 0 eng d
040 _aUDH
_cUDH
_dOCLCQ
_dCaSfIA
035 _a(OCoLC)9410792
090 _aNK4783
_b.W5
100 1 _aWilson, Jane.
245 1 0 _aCanton china /
_h[electronic resource]
_cby Jane Wilson.
250 _a3rd ed.
260 _aEssex, Conn. :
_bRiverside Press,
_c1977.
300 _a63 p. :
_bill. ;
_c21 cm.
500 _aCover title: Canton for the collector.
650 0 _aChina trade porcelain.
650 0 _aPorcelain, Chinese
_xCollectors and collecting.
740 0 1 _aCanton for the collector.
856 4 1 _uhttp://www.archive.org/details/cantonchina00wils
_zFree eBook from the Internet Archive
856 4 2 _uhttp://www.openlibrary.org/books/OL24600753M
_zAdditional information and access via Open Library
942 _cEB
506 _fНеобхідна авторизація на https://archive.org/ (створення облікового запису безкоштовно)
506 _fНеобхідна авторизація на https://openlibrary.org/ (створення облікового запису безкоштовно)
999 _c478173
_d478173